Switzerland : Selected Issues.

This Selected Issues paper takes a close look at the proximate determinants and short-term dynamics of inflation in Switzerland. It identifies salient features of the inflation experience in Switzerland. The paper uses a wage-price model to gauge the sensitivity of inflation to the business cycle an...

Mô tả đầy đủ

Chi tiết về thư mục
Tác giả của công ty: International Monetary Fund
Định dạng: Tạp chí
Ngôn ngữ:English
Được phát hành: Washington, D.C. : International Monetary Fund, 2003.
Loạt:IMF Staff Country Reports; Country Report ; No. 2003/149
Truy cập trực tuyến:Full text available on IMF
LEADER 01516cas a2200241 a 4500
001 AALejournalIMF008449
008 230101c9999 xx r poo 0 0eng d
020 |c 5.00 USD 
020 |z 9781451807257 
022 |a 1934-7685 
040 |a BD-DhAAL  |c BD-DhAAL 
110 2 |a International Monetary Fund. 
245 1 0 |a Switzerland :   |b Selected Issues. 
264 1 |a Washington, D.C. :  |b International Monetary Fund,  |c 2003. 
300 |a 1 online resource (52 pages) 
490 1 |a IMF Staff Country Reports 
500 |a <strong>Off-Campus Access:</strong> No User ID or Password Required 
500 |a <strong>On-Campus Access:</strong> No User ID or Password Required 
506 |a Electronic access restricted to authorized BRAC University faculty, staff and students 
520 3 |a This Selected Issues paper takes a close look at the proximate determinants and short-term dynamics of inflation in Switzerland. It identifies salient features of the inflation experience in Switzerland. The paper uses a wage-price model to gauge the sensitivity of inflation to the business cycle and the exchange rate. The findings suggest that underlying inflation of about 1 percent reflects a slightly higher rate for domestic goods and services and low increases in prices of imported goods. 
538 |a Mode of access: Internet 
830 0 |a IMF Staff Country Reports; Country Report ;  |v No. 2003/149 
856 4 0 |z Full text available on IMF  |u http://elibrary.imf.org/view/journals/002/2003/149/002.2003.issue-149-en.xml  |z IMF e-Library